LEADER 01834nam a2200337 u 4500 001 000000006842 003 CaOOAMICUS 005 20070226104922.0 008 940514s1983 gr a u000 u fre u 035 $a10178474 040 $aCStRLIN$bita$dPUL(R) 082 0 $a938/.01$219 100 1 $aTreuil, René.$0(OLS)http://pul/name/6949 245 13$aLe Néolithique et le Bronze ancien égéens :$bles problèmes stratigraphiques et chronologiques, les techniques, les hommes /$cpar René Treuil. 260 $aAthènes :$bEcole française d'Athènes ;$aParis :$bDiffusion De Boccard,$c1983. 300 $axix, 541 p., [8] p. of plates :$bill. ;$c29 cm 490 1 $aBibliothèque des écoles françaises d'Athènes et de Rome ;$vfasc. 248 500 $aIncludes indexes. 504 $aBibliography: p. [xi]-xix. 650 0$aBronze age$zGreece.$2//eng$0(OLS)http://pul/subject/6091 650 0$aCivilization, Aegean.$2//eng$0(OLS)http://pul/subject/6092 650 0$aNeolithic period$zGreece.$2//eng$0(OLS)http://pul/subject/6093 651 0$aGreece$xAntiquities.$2//eng$0(OLS)http://pul/subject/1106 830 0$aBibliothèque des écoles françaises d'Athènes et de Rome ;$vfasc. 248.$0(OLS)http://pul/title/260 850 $aPUL 852 $aPUL$W1$xDP1 Cons. Gen., Altre Classi 1$y22$m1039 H 1.248$j184162$qStampati$B187371$CPULBib$Z2$F187371 $H52661 $82 941 1 $a8 996 $6082$a938/.01$219$9(OLS)http://pul/classification/166 996 $6245$aLe Néolithique et le Bronze ancien égéens :$bles problèmes stratigraphiques et chronologiques, les techniques, les hommes$9(OLS)http://pul/title/10044 996 $6260$aAthènes :$bEcole française d'Athènes$9(OLS)http://pul/publisher/47983 996 $6260$aParis :$bDiffusion De Boccard$9(OLS)http://pul/publisher/50250 LEADER 01355nam a2200265 i 4500 001 000000104850 003 CaOOAMICUS 005 20070508105124.0 008 070508s2005 sp u000 u spa r 020 $a84-8456-415-0 040 $aPUL$bita$dLDB 100 1 $aCebriá, Luis Hernando.$0(OLS)http://pul/name/64419 245 13$aEl contrato de compraventa de empresa :$b(extensión de su régimen jurídico a las cesiones de control y a las modificaciones estructurales de sociedades) /$cLuis Hernando Cebriá. 260 $aValencia :$bTirant Lo Blanch,$c2005. 300 $a718 p. ;$c22 cm 490 1 $aTirant monographias ;$v393 504 $aBibliografia: p. [655]-718. 650 4$aCompravendita (diritto).$0(OLS)http://pul/subject/5705 830 0$aTirant monographias ;$v393.$0(OLS)http://pul/title/100963 850 $aPUL 852 $aPUL$W1$xSL Diritto e Scienze Sociali 3$y79$m338. 7 CEBLH 1$j117433$qDDC 21$B117376$CPULBib$Z2$F117376 $H100424 $82 941 1 $a9 996 $6020$a84-8456-415-0$9(OLS)http://pul/number/134220 996 $6245$aEl contrato de compraventa de empresa :$b(extensión de su régimen jurídico a las cesiones de control y a las modificaciones estructurales de sociedades)$9(OLS)http://pul/title/131884 996 $6260$aValencia :$bTirant Lo Blanch$9(OLS)http://pul/publisher/74622